Produkt a kvalita návody na cvičenia
Salvato in:
| Autore principale: | |
|---|---|
| Ente Autore: | |
| Altri autori: | |
| Natura: | Libro |
| Lingua: | slovacco |
| Pubblicazione: |
Bratislava
Vydavateľstvo EKONÓM
2001
|
| Soggetti: | |
| Tags: |
Nessun Tag, puoi essere il primo ad aggiungerne!!
|
MARC
| LEADER | 00000nam a2200000 4500 | ||
|---|---|---|---|
| 001 | c128602 | ||
| 005 | 20221124102102.8 | ||
| 020 | |a 80-225-0147-6 | ||
| 041 | 0 | |a slo | |
| 044 | |a SK | ||
| 245 | 1 | 0 | |a Produkt a kvalita |b návody na cvičenia |c Tatiana Košútová, Rastislav Strhan |
| 264 | 1 | |a Bratislava |b Vydavateľstvo EKONÓM |c 2001 | |
| 300 | |a 158 s. | ||
| 610 | 2 | 0 | |a produkty |
| 610 | 2 | 0 | |a kvalita |
| 610 | 2 | 0 | |a produkcia |
| 610 | 2 | 0 | |a tovar |
| 610 | 2 | 0 | |a klasifikácia výrobkov |
| 610 | 2 | 0 | |a užitočnosť výrobkov |
| 610 | 2 | 0 | |a vlastnosti tovaru úžitkové |
| 610 | 2 | 0 | |a riadenie kvality |
| 610 | 2 | 0 | |a obaly |
| 610 | 2 | 0 | |a balenie |
| 610 | 2 | 0 | |a označovanie tovarov |
| 610 | 2 | 0 | |a kvalita výrobkov |
| 610 | 2 | 0 | |a kvalita tovaru |
| 610 | 2 | 0 | |a sadzby colné |
| 100 | 1 | |a Košútová, Tatiana, 1962- | |
| 700 | 1 | |a Strhan, Rastislav, 1968- | |
| 710 | 2 | |a Ekonomická univerzita v Bratislave. Obchodná fakulta | |